[Event "XXIV Festival Conca della Presolana A"]
[Site "Bratto - Castione della Presolana ITA"]
[Date "2004.08.24"]
[Round "5"]
[White "Gromovs, Sergejs"]
[Black "Ricci, Marco"]
[Result "1-0"]
[WhiteElo "2341"]
[BlackElo "2147"]
[PlyCount "65"]
[EventDate "2004.08.20"]

1.d4 Nf6 2.Nf3 g6 3.c4 Bg7 4.Nc3 O-O 5.e4 d6 6.Be2 e5 7.O-O Nc6 8.d5 Ne7 
9.b4 a5 10.Ba3 axb4 11.Bxb4 Nd7 12.a4 Bh6 13.Ne1 f5 14.Nd3 Nf6 15.Bf3 Kh8 
16.Re1 Rf7 17.Ra2 Bf8 18.Qb3 fxe4 19.Bxe4 Nf5 20.Qd1 Nd4 21.f4 Bg4 22.Qa1 
Nxe4 23.Nxe4 Bg7 24.Bc3 Nb3 25.Qb2 Na5 26.c5 Bf5 27.cxd6 cxd6 28.Qb4 exf4 
29.Nxd6 Rf8 30.Bxg7+ Kxg7 31.Re7+ Kg8 32.Rae2 Rf6 33.Re8+ 1-0

[Event "XXIV Festival Conca della Presolana A"]
[Site "Bratto - Castione della Presolana ITA"]
[Date "2004.08.24"]
[Round "5"]
[White "Lanzani, Giuliano"]
[Black "Boccalatte, Piero"]
[Result "1/2-1/2"]
[WhiteElo "2074"]
[BlackElo "2002"]
[PlyCount "80"]
[EventDate "2004.08.20"]

1.e4 c6 2.Nc3 d5 3.Nf3 Bg4 4.h3 Bh5 5.exd5 cxd5 6.Bb5+ Nc6 7.g4 Bg6 8.Ne5 
Rc8 9.h4 f6 10.h5 Bf7 11.Nxf7 Kxf7 12.d4 e6 13.Be3 Bb4 14.Kf1 Qa5 15.Bxc6 
Rxc6 16.Ne2 Ne7 17.c3 Bd6 18.Kg2 Qc7 19.Qd3 a6 20.Rae1 b5 21.b4 Nc8 22.g5 
Ke8 23.f4 Be7 24.g6 h6 25.f5 exf5 26.Qxf5 Qd7 27.Qxd7+ Kxd7 28.Bd2 Nb6 29.
Nf4 Re8 30.Nd3 Nc4 31.Bf4 Bf8 32.Rxe8 Kxe8 33.Re1+ Kd7 34.Nc5+ Bxc5 35.
dxc5 Re6 36.Kf2 Rxe1 37.Kxe1 Ke6 38.Ke2 Ne5 39.Bxe5 fxe5 40.Kf3 e4+ 
1/2-1/2

[Event "XXIV Festival Conca della Presolana A"]
[Site "Bratto - Castione della Presolana ITA"]
[Date "2004.08.24"]
[Round "5"]
[White "Lucaroni, Massimiliano"]
[Black "Cugini, Verter"]
[Result "1/2-1/2"]
[WhiteElo "2305"]
[BlackElo "2219"]
[PlyCount "125"]
[EventDate "2004.08.20"]

1.e4 e6 2.Nf3 d5 3.e5 c5 4.b4 c4 5.c3 a5 6.b5 Qb6 7.a4 Bc5 8.Qe2 Nd7 9.g3 
Ne7 10.Bg2 f6 11.exf6 Nxf6 12.O-O O-O 13.Ba3 Ne4 14.Bxc5 Nxc5 15.Na3 Ng6 
16.Nc2 Bd7 17.Ne3 Rae8 18.Nd4 Ne5 19.f4 Ned3 20.Kh1 Kh8 21.Qh5 Qd6 22.Ng4 
Re7 23.Nf3 Be8 24.Qh4 Nd7 25.Nge5 Nf6 26.Nxd3 cxd3 27.Ne5 Ne4 28.Nxd3 Nxd2
29.Rfe1 Ne4 30.c4 Rf6 31.c5 Nxc5 32.Nxc5 Qxc5 33.Rac1 Qd6 34.Rc8 Rf8 35.
Bh3 Rg8 36.Bf5 h6 37.Bb1 Bf7 38.Rcc1 e5 39.fxe5 Rxe5 40.Rf1 Bg6 41.Bxg6 
Qxg6 42.Rc5 Re4 43.Qh3 Re2 44.Qf5 Qxf5 45.Rxf5 d4 46.Rfd5 Rd2 47.Kg1 Re8 
48.Re5 Rxe5 49.Rxe5 Ra2 50.Re7 d3 51.Rd7 d2 52.Kf1 Rxa4 53.Ke2 d1=Q+ 54.
Kxd1 Ra2 55.Rxb7 Rxh2 56.Ra7 Rg2 57.b6 Rb2 58.b7 Kh7 59.Ke1 Kg6 60.Rxa5 
Rxb7 61.Kf2 Rf7+ 62.Kg2 Rf5 63.Ra7 1/2-1/2

[Event "XXIV Festival Conca della Presolana A"]
[Site "Bratto - Castione della Presolana ITA"]
[Date "2004.08.24"]
[Round "5"]
[White "Magrini, Riccardo"]
[Black "Vinciguerra, Marco"]
[Result "1/2-1/2"]
[WhiteElo "2270"]
[BlackElo "2129"]
[PlyCount "70"]
[EventDate "2004.08.20"]

1.e4 d5 2.exd5 Nf6 3.d4 Nxd5 4.Nf3 g6 5.Be2 Bg7 6.O-O O-O 7.c4 Nb6 8.Be3 
Nc6 9.Qd2 e5 10.d5 Ne7 11.a4 Bg4 12.a5 Bxf3 13.axb6 Bxe2 14.bxc7 Qxc7 15.
Qxe2 Nf5 16.Nd2 a6 17.Rfd1 Rfe8 18.Ne4 Nd4 19.Bxd4 exd4 20.Qd3 Qe5 21.Nd2 
Qe2 22.Nf3 Rac8 23.b3 b5 24.Qxe2 Rxe2 25.Rxa6 bxc4 26.bxc4 Rc2 27.d6 R2xc4
28.g3 Rc1 29.Rxc1 Rxc1+ 30.Kg2 Rc8 31.d7 Rd8 32.Rd6 Kf8 33.Nxd4 Bxd4 34.
Rxd4 Ke7 35.Rh4 h5 1/2-1/2

[Event "XXIV Festival Conca della Presolana A"]
[Site "Bratto - Castione della Presolana ITA"]
[Date "2004.08.24"]
[Round "5"]
[White "Maksimenko, Andrei"]
[Black "Sedina, Elena"]
[Result "1-0"]
[WhiteElo "2524"]
[BlackElo "2396"]
[PlyCount "79"]
[EventDate "2004.08.20"]

1.d4 d5 2.c4 c6 3.Nf3 Nf6 4.Nc3 dxc4 5.a4 Bf5 6.Ne5 Nbd7 7.Nxc4 Nb6 8.Ne5 
a5 9.Bg5 h6 10.Bh4 Nbd5 11.Qb3 Qb6 12.Qxb6 Nxb6 13.f3 Nfd7 14.Nxd7 Nxd7 
15.e4 Bh7 16.d5 e5 17.O-O-O Bb4 18.dxc6 bxc6 19.Nb5 cxb5 20.Bxb5 O-O 21.
Bxd7 f5 22.Be6+ Kh8 23.exf5 Bxf5 24.Bxf5 Rxf5 25.Rd5 Rf4 26.Bf2 Rc4+ 27.
Kb1 e4 28.Rc1 Rxc1+ 29.Kxc1 exf3 30.gxf3 Rc8+ 31.Kd1 Rf8 32.Ke2 Kh7 33.Bb6
Rb8 34.Rb5 Kg6 35.Kd3 Kf7 36.Bd4 Rd8 37.Rb7+ Be7 38.Ke4 Rd6 39.Bc5 Re6+ 
40.Kd5 1-0

[Event "XXIV Festival Conca della Presolana A"]
[Site "Bratto - Castione della Presolana ITA"]
[Date "2004.08.24"]
[Round "5"]
[White "Mantovani, Renzo"]
[Black "Rombaldoni, Axel"]
[Result "1-0"]
[WhiteElo "2382"]
[BlackElo "2063"]
[PlyCount "77"]
[EventDate "2004.08.20"]

1.e4 c5 2.Nf3 Nc6 3.Nc3 d6 4.d4 cxd4 5.Nxd4 Nf6 6.Bg5 e6 7.Bb5 Bd7 8.Bxc6 
bxc6 9.Qf3 h6 10.Bh4 Be7 11.e5 Nd5 12.Bxe7 Qxe7 13.exd6 Qxd6 14.O-O Qb4 
15.Nb3 O-O 16.Ne4 Rfd8 17.Rfd1 e5 18.c4 Ne7 19.a3 Qb6 20.Nbc5 Bf5 21.b4 a5
22.Rxd8+ Rxd8 23.bxa5 Qb2 24.Qc3 Qxc3 25.Nxc3 Ra8 26.a6 Bc8 27.N3a4 Bxa6 
28.Nb6 Ra7 29.a4 Nc8 30.a5 Nd6 31.Rd1 Nf5 32.Rd8+ Kh7 33.Rd7 Rxd7 34.Ncxd7
Nd6 35.Nxe5 Kg8 36.Nxc6 Nxc4 37.Nxc4 Bxc4 38.Nb4 Be6 39.a6 1-0

[Event "XXIV Festival Conca della Presolana A"]
[Site "Bratto - Castione della Presolana ITA"]
[Date "2004.08.24"]
[Round "5"]
[White "Manzoni, Alessandro"]
[Black "Lapiccirella, Mattia"]
[Result "1/2-1/2"]
[WhiteElo "2070"]
[BlackElo "2233"]
[PlyCount "58"]
[EventDate "2004.08.20"]

1.e4 c5 2.Nc3 Nc6 3.g3 g6 4.Bg2 Bg7 5.Nge2 d6 6.O-O Rb8 7.d3 b5 8.f4 Nd4 
9.h3 e6 10.g4 b4 11.Nb1 h5 12.g5 Ne7 13.Nd2 d5 14.h4 Nxe2+ 15.Qxe2 O-O 16.
Nf3 c4 17.dxc4 dxc4 18.Rd1 Qc7 19.Rb1 Bb7 20.Ne1 Rfd8 21.Rxd8+ Rxd8 22.Be3
Bd4 23.Nf3 Bg7 24.Ne1 Rd7 25.Bf3 Bd4 26.Bxd4 Rxd4 27.c3 Rd7 28.Qe3 a5 29.
Rd1 Rxd1 1/2-1/2

[Event "XXIV Festival Conca della Presolana A"]
[Site "Bratto - Castione della Presolana ITA"]
[Date "2004.08.24"]
[Round "5"]
[White "Marta, Daniele"]
[Black "Bottino, Alexiei"]
[Result "0-1"]
[WhiteElo "2089"]
[BlackElo "2061"]
[PlyCount "50"]
[EventDate "2004.08.20"]

1.d4 Nf6 2.Nf3 g6 3.c4 Bg7 4.Nc3 d5 5.Bg5 Ne4 6.Bh4 Nxc3 7.bxc3 c5 8.e3 
Nc6 9.cxd5 Qxd5 10.Qb3 Qxb3 11.axb3 cxd4 12.exd4 O-O 13.Bb5 Be6 14.Ra3 
Rfc8 15.O-O h6 16.h3 g5 17.Bg3 f5 18.Re1 Bd5 19.Bxc6 Rxc6 20.Be5 Rxc3 21.
Bxg7 Kxg7 22.Rxe7+ Kf6 23.Rd7 Rxb3 24.Rxb3 Bxb3 25.Rxb7 Bd5 0-1

[Event "XXIV Festival Conca della Presolana A"]
[Site "Bratto - Castione della Presolana ITA"]
[Date "2004.08.24"]
[Round "5"]
[White "Marzano, Carlo"]
[Black "Mariano, Elia"]
[Result "1-0"]
[WhiteElo "2244"]
[BlackElo "2212"]
[PlyCount "67"]
[EventDate "2004.08.20"]

1.d4 d5 2.Bg5 h6 3.Bh4 c5 4.dxc5 Qa5+ 5.Nc3 e6 6.e4 Be7 7.Bxe7 Nxe7 8.Qd4 
Nbc6 9.Bb5 O-O 10.Qa4 Qc7 11.exd5 exd5 12.O-O-O Be6 13.Nf3 Rfd8 14.Rhe1 b6
15.Bxc6 Nxc6 16.Nb5 Qe7 17.Nbd4 Nxd4 18.Nxd4 bxc5 19.Nxe6 fxe6 20.Qc6 Kf7 
21.Rxd5 Rxd5 22.Qxa8 Qg5+ 23.Kb1 Qd2 24.Rc1 Qxf2 25.Qxa7+ Kg8 26.Qe7 Qe2 
27.b3 Rd1 28.Qxc5 Rxc1+ 29.Kxc1 Qf1+ 30.Kb2 Qf6+ 31.Qc3 e5 32.Qc4+ Kh8 33.
Qe4 g5 34.g3 1-0

[Event "XXIV Festival Conca della Presolana A"]
[Site "Bratto - Castione della Presolana ITA"]
[Date "2004.08.24"]
[Round "5"]
[White "Mazzariol, Oscar"]
[Black "Andreoli, Renato"]
[Result "1-0"]
[WhiteElo "2073"]
[BlackElo "2200"]
[PlyCount "39"]
[EventDate "2004.08.20"]

1.e4 e5 2.Nf3 Nc6 3.Bb5 Nf6 4.Qe2 d6 5.h3 Be7 6.c3 O-O 7.d4 Bd7 8.O-O Re8 
9.Rd1 exd4 10.cxd4 Bf8 11.Nc3 Nxe4 12.Nxe4 d5 13.Ne5 dxe4 14.Nxd7 Qxd7 15.
d5 Bd6 16.dxc6 bxc6 17.Ba4 Re6 18.Bf4 Rae8 19.Qc4 e3 20.fxe3 1-0

[Event "XXIV Festival Conca della Presolana A"]
[Site "Bratto - Castione della Presolana ITA"]
[Date "2004.08.24"]
[Round "5"]
[White "Molteni, Costantino"]
[Black "Lapiccirella, Daniele"]
[Result "0-1"]
[WhiteElo "2010"]
[BlackElo "2104"]
[PlyCount "56"]
[EventDate "2004.08.20"]

1.Nf3 d5 2.c4 c6 3.b3 Nf6 4.g3 Bg4 5.Bb2 Nbd7 6.Bg2 e6 7.O-O Bd6 8.d4 O-O 
9.Nc3 Re8 10.Re1 a6 11.e4 e5 12.Qd3 Bxf3 13.Bxf3 exd4 14.Qxd4 Bc5 15.Qd1 
d4 16.Na4 Bb4 17.Rf1 b5 18.a3 Bf8 19.cxb5 axb5 20.Qxd4 bxa4 21.b4 c5 22.
bxc5 Bxc5 23.Qc4 Rc8 24.Qxa4 Nb6 25.Bxf6 Qxf6 26.Qd1 Nc4 27.a4 Rcd8 28.Qe2
Nd2 0-1

[Event "XXIV Festival Conca della Presolana A"]
[Site "Bratto - Castione della Presolana ITA"]
[Date "2004.08.24"]
[Round "5"]
[White "Moncelli, Giorgio"]
[Black "Vancini, Edoardo"]
[Result "1/2-1/2"]
[WhiteElo "2141"]
[BlackElo "2294"]
[PlyCount "117"]
[EventDate "2004.08.20"]

1.d4 Nf6 2.Nf3 c5 3.e3 g6 4.c4 Bg7 5.Nc3 O-O 6.Be2 cxd4 7.exd4 d5 8.O-O b6
9.Ne5 Bb7 10.Bf3 Na6 11.Re1 Nc7 12.Bg5 Qc8 13.cxd5 Ncxd5 14.Rc1 Qe6 15.
Bxf6 Bxf6 16.Nxd5 Bxd5 17.Nxg6 Bxf3 18.Qxf3 Rfc8 19.Qxa8 Rxa8 20.Rxe6 fxe6
21.Nf4 Bxd4 22.b3 Rf8 23.Nd3 Rf5 24.Kf1 b5 25.f3 Kf7 26.Nf2 Be3 27.Rc3 Bb6
28.Ne4 h6 29.Ke2 Rd5 30.Rd3 b4 31.Rd2 Kg6 32.Rc2 Ra5 33.Nd2 Re5+ 34.Ne4 
Ra5 35.Nd2 Bd4 36.Ne4 Kf5 37.Kd3 Rd5 38.Kc4 a5 39.Rd2 Ke5 40.Re2 Kf4 41.
Rd2 Bg1 42.Rxd5 exd5+ 43.Kxd5 Bxh2 44.Kd4 h5 45.Kd3 h4 46.Ke2 Bg1 47.Kf1 
Bd4 48.Ke2 Bb6 49.Nd2 Kg3 50.Kf1 Bd4 51.Ne4+ Kf4 52.Ke2 Bb6 53.Nd2 e5 54.
Ne4 Bd4 55.Nd2 Bb2 56.Ne4 Bc3 57.Kf2 Bd4+ 58.Ke2 Bb6 59.Nd2 1/2-1/2

[Event "XXIV Festival Conca della Presolana A"]
[Site "Bratto - Castione della Presolana ITA"]
[Date "2004.08.24"]
[Round "5"]
[White "Navarro, Stefano"]
[Black "Patelli, Alessandro"]
[Result "1/2-1/2"]
[WhiteElo "2117"]
[BlackElo "2211"]
[PlyCount "24"]
[EventDate "2004.08.20"]

1.e4 c5 2.Nf3 d6 3.d4 cxd4 4.Nxd4 Nf6 5.Nc3 Nc6 6.Bg5 e6 7.Qd2 Be7 8.O-O-O
O-O 9.f4 h6 10.Bh4 Nxd4 11.Qxd4 Qa5 12.Bg3 Rd8 1/2-1/2

[Event "XXIV Festival Conca della Presolana A"]
[Site "Bratto - Castione della Presolana ITA"]
[Date "2004.08.24"]
[Round "5"]
[White "Nieus, Thierry"]
[Black "Rosin, Federico"]
[Result "1/2-1/2"]
[WhiteElo "2221"]
[BlackElo "2124"]
[PlyCount "75"]
[EventDate "2004.08.20"]

1.e4 c5 2.c3 Nf6 3.e5 Nd5 4.d4 cxd4 5.Nf3 e6 6.cxd4 b6 7.Nc3 Nxc3 8.bxc3 
Qc7 9.Bd2 Bb7 10.Bd3 d6 11.O-O Nd7 12.Re1 dxe5 13.Nxe5 Nxe5 14.Rxe5 Bd6 
15.Rh5 g6 16.Rh4 O-O 17.Bh6 Rfd8 18.Qd2 Be7 19.Rh3 Bf6 20.Re1 Rac8 21.Be4 
Bd5 22.Qe2 Bxe4 23.Qxe4 Rd5 24.Rf3 Bg7 25.Bxg7 Kxg7 26.Qh4 Qd8 27.Qe4 b5 
28.Qe3 Rc4 29.h4 b4 30.cxb4 Rxb4 31.Rc1 Rbxd4 32.g3 Rd1+ 33.Rxd1 Rxd1+ 34.
Kg2 Qd5 35.Qxa7 e5 36.Qe3 f5 37.Qa7+ Kh6 38.Qe3+ 1/2-1/2

[Event "XXIV Festival Conca della Presolana A"]
[Site "Bratto - Castione della Presolana ITA"]
[Date "2004.08.24"]
[Round "5"]
[White "Pechy, Alaster"]
[Black "De Marco, Walter"]
[Result "1-0"]
[WhiteElo "2138"]
[BlackElo "2053"]
[PlyCount "27"]
[EventDate "2004.08.20"]

1.d4 Nf6 2.c4 c5 3.d5 e6 4.Nc3 exd5 5.cxd5 Bd6 6.Nf3 O-O 7.Bg5 Re8 8.e3 
Bc7 9.Bd3 d6 10.h3 Ba5 11.Qa4 h6 12.Bxf6 Bxc3+ 13.Bxc3 Bd7 14.Qc2 1-0

[Event "XXIV Festival Conca della Presolana A"]
[Site "Bratto - Castione della Presolana ITA"]
[Date "2004.08.24"]
[Round "5"]
[White "Piscopo, Pierluigi"]
[Black "Bernard, Jacques"]
[Result "1-0"]
[WhiteElo "2367"]
[BlackElo "2222"]
[PlyCount "99"]
[EventDate "2004.08.20"]

1.e4 c5 2.Nf3 Nc6 3.d4 cxd4 4.Nxd4 Nf6 5.Nc3 e5 6.Ndb5 d6 7.Bg5 a6 8.Na3 
b5 9.Bxf6 gxf6 10.Nd5 Bg7 11.g3 O-O 12.Bg2 Ne7 13.Nxe7+ Qxe7 14.O-O Rb8 
15.c3 f5 16.exf5 Bxf5 17.Nc2 a5 18.Ne3 Be6 19.Nd5 Qd7 20.Qd2 f5 21.f4 e4 
22.Rad1 Rfc8 23.g4 Rc5 24.Ne3 Rd8 25.Qf2 b4 26.cxb4 axb4 27.Rfe1 Rdc8 28.
gxf5 Bxf5 29.Nxf5 Qxf5 30.Bxe4 Qf6 31.Kh1 Qxb2 32.Qxb2 Bxb2 33.Rxd6 Rc1 
34.Rxc1 Bxc1 35.f5 Bg5 36.Rb6 Bd2 37.Rb7 Bc3 38.Bd5+ Kh8 39.Rf7 Rd8 40.Be6
h5 41.Kg2 Rd2+ 42.Kf3 Rd1 43.Kf4 Rd2 44.h3 Rg2 45.Rf8+ Kh7 46.f6 Rf2+ 47.
Kg5 Rg2+ 48.Kxh5 Rf2 49.Bg8+ Kh8 50.Bd5+ 1-0

[Event "XXIV Festival Conca della Presolana A"]
[Site "Bratto - Castione della Presolana ITA"]
[Date "2004.08.24"]
[Round "5"]
[White "Poropat, Marijan"]
[Black "Delfino, Luigi"]
[Result "1-0"]
[WhiteElo "2126"]
[BlackElo "2084"]
[PlyCount "91"]
[EventDate "2004.08.20"]

1.Nf3 Nf6 2.d4 e6 3.Bg5 c5 4.e3 Nc6 5.Be2 cxd4 6.exd4 Qb6 7.b3 Ne4 8.c3 e5
9.O-O Nxg5 10.Nxg5 Be7 11.Nf3 exd4 12.cxd4 d5 13.Nc3 Be6 14.Na4 Qb4 15.a3 
Qd6 16.Nc5 Bc8 17.b4 O-O 18.Rc1 Bf6 19.Qd2 a6 20.Rfd1 Re8 21.h3 Ne7 22.Bf1
b6 23.Nd3 Ng6 24.g3 Bb7 25.a4 h5 26.Bg2 h4 27.g4 Re4 28.Nde5 Nf4 29.Bf1 g5
30.Rc3 Re8 31.b5 axb5 32.axb5 Bd8 33.Ne1 f6 34.Nc6 Bc7 35.Nf3 Ne2+ 36.Bxe2
Rxe2 37.Qd3 Kg7 38.Nfe5 Re4 39.f3 fxe5 40.fxe4 exd4 41.Qxd4+ Kh6 42.e5 Qg6
43.Rf1 Re6 44.Ne7 Bxe5 45.Qxe5 Rxe5 46.Nxg6 1-0

[Event "XXIV Festival Conca della Presolana A"]
[Site "Bratto - Castione della Presolana ITA"]
[Date "2004.08.24"]
[Round "5"]
[White "Radice, Luca"]
[Black "Marinelli, Gian Marco"]
[Result "1-0"]
[WhiteElo "2085"]
[BlackElo "2018"]
[PlyCount "87"]
[EventDate "2004.08.20"]

1.d4 Nf6 2.c4 g6 3.Nc3 Bg7 4.e4 d6 5.f3 O-O 6.Bg5 h6 7.Be3 e5 8.d5 Nh5 9.
Nge2 f5 10.Qd2 Kh7 11.O-O-O f4 12.Bf2 a5 13.c5 Bd7 14.Kb1 Na6 15.cxd6 cxd6
16.Nc1 Qc7 17.Bb5 Rfc8 18.Nd3 Nb4 19.Rc1 Qd8 20.Bxd7 Qxd7 21.a3 Na6 22.Na2
Nc7 23.Rc2 Nb5 24.Rxc8 Qxc8 25.Rc1 Qd7 26.Bb6 a4 27.Qb4 Ra6 28.Bf2 Bf6 29.
Qc4 Ra8 30.Nc3 Nxc3+ 31.Rxc3 Bd8 32.Rc2 Nf6 33.Nb4 Ng8 34.Na2 Ne7 35.Nc3 
g5 36.Qb5 Qxb5 37.Nxb5 Nc8 38.Rc4 Nb6 39.Bxb6 Bxb6 40.Nxd6 Bg1 41.h3 Kg6 
42.Nxb7 Kh5 43.Nd6 Bd4 44.Nf5 1-0

[Event "XXIV Festival Conca della Presolana A"]
[Site "Bratto - Castione della Presolana ITA"]
[Date "2004.08.24"]
[Round "5"]
[White "Ranola, Yves"]
[Black "Campanile, Roberto"]
[Result "1-0"]
[WhiteElo "2410"]
[BlackElo "2183"]
[PlyCount "61"]
[EventDate "2004.08.20"]

1.c4 g6 2.g3 Bg7 3.Bg2 d6 4.Nc3 e5 5.d3 c5 6.a3 Nc6 7.Rb1 a5 8.Nf3 Nge7 9.
Bg5 f6 10.Bd2 O-O 11.O-O Be6 12.Ne1 d5 13.cxd5 Nxd5 14.Nc2 Rc8 15.Nxd5 
Bxd5 16.Bxd5+ Qxd5 17.b4 cxb4 18.axb4 axb4 19.Bxb4 Rfd8 20.Ne3 Qe6 21.Bc5 
f5 22.Qb3 Qxb3 23.Rxb3 e4 24.dxe4 Bd4 25.Bxd4 Nxd4 26.Rxb7 Nxe2+ 27.Kg2 
fxe4 28.Ng4 h5 29.Nh6+ Kf8 30.Rfb1 Ke8 31.R1b6 1-0

[Event "XXIV Festival Conca della Presolana A"]
[Site "Bratto - Castione della Presolana ITA"]
[Date "2004.08.24"]
[Round "5"]
[White "Sanchez, Joseph"]
[Black "Godena, Michele"]
[Result "0-1"]
[WhiteElo "2453"]
[BlackElo "2545"]
[PlyCount "70"]
[EventDate "2004.08.20"]

1.e4 e5 2.Nf3 Nc6 3.d4 exd4 4.Nxd4 Bc5 5.Be3 Qf6 6.c3 Nge7 7.Bc4 O-O 8.O-O
b6 9.f4 d5 10.exd5 Nxd4 11.cxd4 Nf5 12.Bf2 Bxd4 13.Nc3 Bxf2+ 14.Rxf2 Ne3 
15.Qd3 Ng4 16.Rf3 Bf5 17.Qd2 Qe7 18.Qd4 Rfe8 19.Bb5 Bd7 20.d6 cxd6 21.Nd5 
Qd8 22.Bxd7 Qxd7 23.h3 Nh6 24.f5 f6 25.Kh2 Kh8 26.g4 Nf7 27.Rc1 Rac8 28.
Rfc3 Ne5 29.Kg3 Rxc3+ 30.Qxc3 Qb7 31.Qb3 Qa6 32.Nb4 Qe2 33.Nd5 Nd3 34.Rc2 
Qe1+ 35.Kg2 Re2+ 0-1

[Event "XXIV Festival Conca della Presolana A"]
[Site "Bratto - Castione della Presolana ITA"]
[Date "2004.08.24"]
[Round "5"]
[White "Sardo, Gabriele"]
[Black "Temi, Walter"]
[Result "1-0"]
[WhiteElo "2202"]
[BlackElo "2101"]
[PlyCount "123"]
[EventDate "2004.08.20"]

1.c4 Nf6 2.Nc3 d5 3.cxd5 Nxd5 4.Nf3 g6 5.g3 Bg7 6.Bg2 O-O 7.O-O c5 8.Qa4 
e6 9.Nxd5 exd5 10.d4 cxd4 11.Nxd4 Bd7 12.Qd1 Qb6 13.Nb3 d4 14.e3 Nc6 15.
exd4 Nxd4 16.Be3 Ba4 17.Bxd4 Bxb3 18.Bxb6 Bxd1 19.Bc5 Be2 20.Rfe1 Rfe8 21.
Bxb7 Rab8 22.Bc6 Rec8 23.Rxe2 Rxc6 24.Ba3 h5 25.Rd1 a6 26.Rd7 Bf6 27.b3 
Rbc8 28.Rd6 Rxd6 29.Bxd6 Kg7 30.Kg2 Rc6 31.Bf4 Bd8 32.Be5+ Bf6 33.Kf3 Bxe5
34.Rxe5 Kf6 35.Re2 Kf5 36.Ke3 Rd6 37.f3 g5 38.Rb2 Re6+ 39.Kd4 f6 40.b4 Re5
41.a4 h4 42.b5 axb5 43.axb5 hxg3 44.hxg3 g4 45.f4 Re4+ 46.Kd5 Re3 47.b6 
Rxg3 48.Kd4 Rh3 49.b7 Rh8 50.b8=Q Rxb8 51.Rxb8 Kxf4 52.Rb1 Kf3 53.Rb3+ Kf4
54.Kd3 Kf3 55.Kd2+ Kg2 56.Rb6 f5 57.Rf6 g3 58.Ke2 Kh2 59.Kf3 g2 60.Rh6+ 
Kg1 61.Rg6 f4 62.Rxg2+ 1-0

[Event "XXIV Festival Conca della Presolana A"]
[Site "Bratto - Castione della Presolana ITA"]
[Date "2004.08.24"]
[Round "5"]
[White "Shytaj, Carlo"]
[Black "Karr, Jean-Philippe"]
[Result "1/2-1/2"]
[WhiteElo "2214"]
[BlackElo "2370"]
[PlyCount "110"]
[EventDate "2004.08.20"]

1.e4 c5 2.b3 a6 3.Bb2 Nc6 4.Nf3 d6 5.d4 cxd4 6.Nxd4 Bd7 7.c4 Nf6 8.Nc3 Qa5
9.f3 e6 10.Qd2 Be7 11.Nce2 Qxd2+ 12.Kxd2 O-O 13.Nxc6 bxc6 14.e5 dxe5 15.
Bxe5 c5 16.Nc3 Bc6 17.Bd3 Nd7 18.Bg3 f5 19.Rae1 Kf7 20.Re2 Bf6 21.h4 Bd4 
22.Kc2 Rfe8 23.h5 Nf6 24.Be5 Rad8 25.Rh4 Re7 26.Nd1 Red7 27.Bg3 g6 28.
hxg6+ hxg6 29.f4 Be4 30.Bxe4 Nxe4 31.Be1 g5 32.fxg5 Nxg5 33.Nf2 Rh8 34.
Rxh8 Bxh8 35.Bd2 Bf6 36.Bxg5 Bxg5 37.Nd3 Rc7 38.g4 fxg4 39.Ne5+ Kf6 40.
Nxg4+ Kf5 41.Nf2 Bf6 42.Re3 Bd4 43.Rf3+ Ke5 44.Nd3+ Ke4 45.Rf4+ Ke3 46.Rf1
Re7 47.Re1+ Kf3 48.Ne5+ Kf2 49.Nd3+ Kg3 50.Ne5 Re8 51.a3 Kf4 52.Nd3+ Kf5 
53.Rf1+ Kg5 54.b4 cxb4 55.Nxb4 Rc8 1/2-1/2

[Event "XXIV Festival Conca della Presolana A"]
[Site "Bratto - Castione della Presolana ITA"]
[Date "2004.08.24"]
[Round "5"]
[White "Simeone, Giulio"]
[Black "Piantoni, Roberto"]
[Result "1/2-1/2"]
[WhiteElo "2024"]
[BlackElo "2124"]
[PlyCount "40"]
[EventDate "2004.08.20"]

1.c4 e5 2.Nc3 d6 3.e3 f5 4.d4 Be7 5.dxe5 dxe5 6.Qxd8+ Bxd8 7.e4 Nc6 8.Nf3 
Nb4 9.Kd1 fxe4 10.Nxe5 Bf6 11.Bf4 Bf5 12.Be2 Ne7 13.Kc1 g5 14.Bg3 O-O 15.
a3 Nd3+ 16.Bxd3 exd3 17.Kd2 Nc8 18.Nd5 Nd6 19.Nxf6+ Rxf6 20.f3 Nf7 1/2-1/2

[Event "XXIV Festival Conca della Presolana A"]
[Site "Bratto - Castione della Presolana ITA"]
[Date "2004.08.24"]
[Round "5"]
[White "Tatai, Stefano"]
[Black "Drabke, Lorenz Maximilian"]
[Result "0-1"]
[WhiteElo "2357"]
[BlackElo "2428"]
[PlyCount "64"]
[EventDate "2004.08.20"]

1.e4 c5 2.Nf3 e6 3.Nc3 a6 4.d4 cxd4 5.Nxd4 b5 6.g3 Bb7 7.Bg2 Nf6 8.Qe2 b4 
9.Na4 Nc6 10.Nb3 d6 11.O-O Nd7 12.Rd1 Be7 13.Be3 O-O 14.c4 bxc3 15.Nxc3 
Qb8 16.Rac1 Rc8 17.f4 a5 18.Nd4 Nxd4 19.Bxd4 Nc5 20.Qg4 e5 21.Be3 Ne6 22.
Nd5 Bd8 23.f5 Rxc1 24.Bxc1 Bxd5 25.exd5 Nd4 26.Bh6 Bf6 27.Bxg7 Bxg7 28.f6 
Qf8 29.Be4 Kh8 30.Rxd4 exd4 31.Qf5 Qg8 32.fxg7+ Qxg7 0-1

[Event "XXIV Festival Conca della Presolana A"]
[Site "Bratto - Castione della Presolana ITA"]
[Date "2004.08.24"]
[Round "5"]
[White "Turci, Alberto"]
[Black "Bonazzi, Edoardo"]
[Result "0-1"]
[WhiteElo "2023"]
[BlackElo "2115"]
[PlyCount "126"]
[EventDate "2004.08.20"]

1.f4 Nf6 2.Nf3 d5 3.e3 e6 4.d4 Be7 5.Bd3 b6 6.Qe2 Bb7 7.Nbd2 O-O 8.O-O c5 
9.c3 Nbd7 10.Ne5 Qc7 11.Qf3 Ne8 12.Qh3 f5 13.g4 Nd6 14.Nxd7 Qxd7 15.Nf3 
Ne4 16.Bxe4 dxe4 17.Ne5 Qc7 18.gxf5 exf5 19.Bd2 Bd6 20.Rad1 Rf6 21.Kh1 Ba6
22.Rg1 Be2 23.Rdf1 Bxf1 24.Qxf1 Qb7 25.Be1 cxd4 26.cxd4 Rc8 27.Qb5 Bxe5 
28.dxe5 Rfc6 29.Bc3 g6 30.h4 Qe7 31.Rg5 h6 32.Rg2 h5 33.Rg5 Qe6 34.Qe2 Kf7
35.Rg1 Rd8 36.Rd1 Rxd1+ 37.Qxd1 Rc8 38.a3 Kg7 39.Kh2 Kf7 40.Kh3 Kg7 41.Qd4
Kf7 42.Kg3 a6 43.Kh3 Ke8 44.Qa4+ b5 45.Qd4 Rc7 46.Kg3 Qd7 47.Qb6 Qc6 48.
Qb8+ Rc8 49.Qa7 Qc5 50.Qxa6 Qxe3+ 51.Kg2 Qf3+ 52.Kg1 Qg3+ 53.Kh1 Qxh4+ 54.
Kg2 Qg4+ 55.Kh1 Qf3+ 56.Kg1 Qd1+ 57.Kg2 Qd7 58.Qxg6+ Qf7 59.Qa6 Rd8 60.
Qc6+ Kf8 61.e6 Qg6+ 62.Kh2 Kg8 63.e7 Rd2+ 0-1

[Event "XXIV Festival Conca della Presolana A"]
[Site "Bratto - Castione della Presolana ITA"]
[Date "2004.08.24"]
[Round "5"]
[White "Vezzosi, Paolo"]
[Black "Jonkman, Harmen"]
[Result "0-1"]
[WhiteElo "2350"]
[BlackElo "2425"]
[PlyCount "62"]
[EventDate "2004.08.20"]

1.d4 d5 2.c4 dxc4 3.Nf3 e6 4.e3 a6 5.Bxc4 Nf6 6.a4 c5 7.O-O Nc6 8.Qe2 Qc7 
9.Nc3 Bd6 10.h3 O-O 11.dxc5 Bxc5 12.Rd1 b6 13.e4 Nd7 14.Be3 Bb7 15.Rac1 
Bxe3 16.Qxe3 Rfd8 17.Ne2 Nc5 18.Rxd8+ Rxd8 19.Nf4 Qd6 20.e5 Qd7 21.b3 h6 
22.Nh5 Nd4 23.Nxd4 Qxd4 24.Qg3 g6 25.Nf6+ Kg7 26.Re1 Qd2 27.Re3 Qc1+ 28.
Kh2 Rd1 29.Qg4 Rh1+ 30.Kg3 Qg1 31.Ne4 Qh2+ 0-1

[Event "XXIV Festival Conca della Presolana A"]
[Site "Bratto - Castione della Presolana ITA"]
[Date "2004.08.24"]
[Round "5"]
[White "Vinzoni, Andrea"]
[Black "Antognini, Francesco"]
[Result "0-1"]
[WhiteElo "2090"]
[BlackElo "2193"]
[PlyCount "60"]
[EventDate "2004.08.20"]

1.d4 e6 2.c4 Nf6 3.Nc3 Bb4 4.e3 c5 5.Bd3 Nc6 6.Nf3 Bxc3+ 7.bxc3 d6 8.O-O 
e5 9.Ng5 O-O 10.f4 exd4 11.cxd4 cxd4 12.exd4 h6 13.d5 Ne7 14.Nf3 Nf5 15.
Rb1 Qa5 16.Qd2 Qc5+ 17.Kh1 Re8 18.Rb5 Qc7 19.Bb2 Ne4 20.Bxe4 Rxe4 21.Rb4 
a5 22.Rb3 Bd7 23.c5 Qxc5 24.Rc1 Rc4 25.Rxb7 Bb5 26.Rxc4 Bxc4 27.Nd4 Qxd5 
28.Rb6 Re8 29.Kg1 Nxd4 30.Qxd4 Re1+ 0-1

[Event "XXIV Festival Conca della Presolana A"]
[Site "Bratto - Castione della Presolana ITA"]
[Date "2004.08.24"]
[Round "5"]
[White "Young, Craig A."]
[Black "Barletta, Antonio"]
[Result "0-1"]
[WhiteElo "2124"]
[BlackElo "2066"]
[PlyCount "90"]
[EventDate "2004.08.20"]

1.d4 Nf6 2.Nf3 g6 3.c4 Bg7 4.Nc3 d6 5.e4 O-O 6.h3 e5 7.d5 a5 8.Bg5 Na6 9.
g4 Qe8 10.Nd2 Nc5 11.Qf3 Nfd7 12.h4 h6 13.Be3 b6 14.Be2 Nf6 15.Qg2 Kh7 16.
g5 Nh5 17.gxh6 Bh8 18.Bxh5 gxh5 19.Ke2 Rg8 20.Qh2 Na4 21.Nb5 Qe7 22.b3 Nc5
23.Nc3 Bg4+ 24.f3 Bd7 25.Rag1 Raf8 26.Rxg8 Rxg8 27.Nf1 f5 28.Bxc5 bxc5 29.
exf5 Bxf5 30.Ne3 Bg6 31.Ne4 a4 32.Qh3 axb3 33.axb3 Ra8 34.Ng5+ Kxh6 35.
Nf5+ Bxf5 36.Qxf5 Rf8 37.Qd3 Bf6 38.Rg1 Bxg5 39.hxg5+ Kg7 40.Qe3 Qf7 41.
Rh1 Qg6 42.Ra1 Qc2+ 43.Kf1 Rf4 44.Ra7 Rd4 45.Rxc7+ Kg6 0-1